[Event "36th NED-ch"]
[Site "Leeuwarden NED"]
[Date "1980.03.14"]
[Round "8"]
[White "Bohm, Hans"]
[Black "Van der Vliet, Fredrik"]
[Result "1/2-1/2"]
[WhiteElo "2430"]
[BlackElo "2380"]
[EventDate "1980.03.05"]
[PlyCount "160"]

1.d4 Nf6 2.c4 c5 3.e3 g6 4.dxc5 Na6 5.a3 Nxc5 6.b4 Ne6 7.Bb2 Bg7 8.g3 b6 
9.Bg2 Rb8 10.Nd2 O-O 11.Qb3 Bb7 12.e4 a6 13.Ne2 d6 14.O-O b5 15.cxb5 axb5 
16.Rad1 Qb6 17.Qd3 Rfd8 18.Nd4 Nc7 19.N4b3 e5 20.Rfe1 Re8 21.Qe3 Qxe3 22.
Rxe3 d5 23.Na5 d4 24.Ree1 Na8 25.Nxb7 Rxb7 26.Bf1 Rd8 27.Nb3 Ne8 28.Na5 
Rb6 29.Rc1 Nec7 30.Rc5 f6 31.Rec1 Bh6 32.Rd1 Bf8 33.Rc2 Ne8 34.Bd3 Nd6 35.
Bc1 Rd7 36.Bd2 Rb8 37.Rdc1 Nb6 38.Rc6 Na4 39.R1c2 Kf7 40.h4 Kg8 41.Kf1 Kf7
42.Ke2 Ke8 43.f3 Kf7 44.Kd1 Ke8 45.Kc1 Rf7 46.f4 Rd7 47.fxe5 fxe5 48.Rc7 
Bg7 49.R2c6 Bf6 50.Kb1 Bd8 51.Rxd7 Kxd7 52.Rc1 Bxa5 53.bxa5 Rc8 54.Rxc8 
Kxc8 55.Bb4 Nc4 56.Kc2 Kb7 57.Kb3 Nab2 58.Bxc4 Nxc4 59.a4 Ka6 60.axb5+ 
Kxb5 61.a6 Nb6 62.a7 Ka6 63.Bd6 Kxa7 64.Bxe5 Kb7 65.Bf4 Kc6 66.Kb4 d3 67.
Kc3 Kd7 68.Kxd3 Ke6 69.Ke3 Nd7 70.Bc7 Nf8 71.Kf4 Kf7 72.Ke5 Ne6 73.Bb6 Ng7
74.Be3 Ne6 75.h5 Ng7 76.h6 Ne6 77.Kd6 Nf8 78.g4 Ne6 79.Kd7 Nf8+ 80.Kd6 Ne6
1/2-1/2

[Event "36th NED-ch"]
[Site "Leeuwarden NED"]
[Date "1980.03.14"]
[Round "8"]
[White "Ree, Hans"]
[Black "Kuijpers, Franciscus"]
[Result "1-0"]
[WhiteElo "2520"]
[BlackElo "2410"]
[EventDate "1980.03.05"]
[PlyCount "61"]

1.d4 d5 2.c4 e6 3.Nc3 Be7 4.Nf3 Nf6 5.Bg5 O-O 6.Qc2 b6 7.Bxf6 Bxf6 8.e4 
dxe4 9.Qxe4 c6 10.h4 Be7 11.O-O-O Qd6 12.g3 Nd7 13.Qc2 f5 14.Bg2 Ba6 15.
Ne2 Nf6 16.Nf4 Ne4 17.Ne5 c5 18.Bxe4 fxe4 19.Qxe4 Bf6 20.Rhe1 Rfe8 21.Nh5 
Rac8 22.Nxf6+ gxf6 23.Qg4+ Kf8 24.dxc5 Qxd1+ 25.Rxd1 fxe5 26.Rd7 Re7 27.
Rxe7 Kxe7 28.Qg7+ Kd8 29.Qh8+ Kc7 30.Qxe5+ Kb7 31.Qe4+ 1-0

[Event "36th NED-ch"]
[Site "Leeuwarden NED"]
[Date "1980.03.14"]
[Round "8"]
[White "Scheeren, Peter"]
[Black "Van Wijgerden, Cornelis"]
[Result "0-1"]
[WhiteElo "2360"]
[BlackElo "2435"]
[EventDate "1980.03.05"]
[PlyCount "78"]

1.d4 g6 2.c4 Bg7 3.Nc3 d6 4.e4 f5 5.exf5 Bxf5 6.Nf3 Nh6 7.Be2 O-O 8.O-O 
Na6 9.d5 c5 10.Ng5 Nc7 11.Bd3 Qd7 12.Nb5 Nxb5 13.cxb5 Ng4 14.h3 Ne5 15.
Bxf5 Rxf5 16.g4 Rxg5 17.Bxg5 Rf8 18.f4 Nc4 19.Qe2 Bd4+ 20.Kh1 Ne3 21.Rf3 
Nxd5 22.Re1 Rf7 23.a4 Kg7 24.Qe4 Nf6 25.Bxf6+ exf6 26.b3 d5 27.Qe8 Qc7 28.
h4 c4 29.bxc4 dxc4 30.h5 gxh5 31.gxh5 Kh6 32.Qe4 Qc5 33.Rg3 Bf2 34.Rg5 
fxg5 35.Qe6+ Kg7 36.h6+ Kg8 37.Re5 Qf8 38.Rxg5+ Kh8 39.Qe5+ Rf6 0-1

[Event "36th NED-ch"]
[Site "Leeuwarden NED"]
[Date "1980.03.14"]
[Round "8"]
[White "Van der Sterren, Paul"]
[Black "Ligterink, Gert"]
[Result "1/2-1/2"]
[WhiteElo "2410"]
[BlackElo "2455"]
[EventDate "1980.03.05"]
[PlyCount "60"]

1.c4 c5 2.Nc3 Nc6 3.g3 g6 4.Bg2 Bg7 5.a3 e6 6.Rb1 a5 7.e4 Nge7 8.Nge2 O-O 
9.d3 d5 10.exd5 exd5 11.Nxd5 Nxd5 12.Bxd5 Ne5 13.Be4 Qe7 14.Qc2 Bh3 15.Be3
Rad8 16.Nf4 Qd7 17.f3 Bh6 18.Rd1 Rfe8 19.Kf2 Bxf4 20.gxf4 Nxf3 21.Bxf3 
Rxe3 22.Kxe3 Qd4+ 23.Kd2 Qxf4+ 24.Kc3 Qxf3 25.Rhe1 b5 26.cxb5 Qf6+ 27.Kb3 
Be6+ 28.Rxe6 Qxe6+ 29.Qc4 a4+ 30.Kc2 Qf5 1/2-1/2

[Event "36th NED-ch"]
[Site "Leeuwarden NED"]
[Date "1980.03.15"]
[Round "9"]
[White "Van Dop, Arend"]
[Black "Bohm, Hans"]
[Result "0-1"]
[WhiteElo "2320"]
[BlackElo "2430"]
[EventDate "1980.03.05"]
[PlyCount "76"]

1.d4 d6 2.Nf3 Bg4 3.c4 Nd7 4.Nc3 c6 5.e3 e6 6.Be2 d5 7.O-O f5 8.Qc2 g6 9.
b3 Bd6 10.Ne1 Bxe2 11.Qxe2 Qc7 12.f4 Bb4 13.Nd1 Bxe1 14.Qxe1 Ngf6 15.Ba3 
h6 16.Nf2 Kf7 17.Rc1 a5 18.Kh1 Rhe8 19.Rg1 a4 20.Bb4 axb3 21.axb3 Ra2 22.
Rf1 Rea8 23.Kg1 Qd8 24.Bc3 Ne8 25.Qd1 Qb6 26.Rb1 Nef6 27.Qd3 R8a3 28.c5 
Qb5 29.Qxb5 cxb5 30.Bb4 Ra8 31.Rfe1 Nb8 32.Red1 Nc6 33.Bd2 Rc2 34.Kf1 Raa2
35.Ke1 g5 36.g3 g4 37.Ke2 Rab2 38.Nd3 Rxd2+ 0-1

[Event "36th NED-ch"]
[Site "Leeuwarden NED"]
[Date "1980.03.15"]
[Round "9"]
[White "Van Wijgerden, Cornelis"]
[Black "Van der Sterren, Paul"]
[Result "0-1"]
[WhiteElo "2435"]
[BlackElo "2410"]
[EventDate "1980.03.05"]
[PlyCount "81"]

1.c4 e5 2.Nc3 Nc6 3.g3 g6 4.Bg2 Bg7 5.e3 d6 6.Nge2 Nh6 7.d3 O-O 8.O-O Be6 
9.Rb1 Qd7 10.b4 Bh3 11.b5 Bxg2 12.Kxg2 Nd8 13.e4 f5 14.f3 Ne6 15.Be3 g5 
16.Ng1 Rf7 17.Rb2 Raf8 18.Rbf2 Bf6 19.Bc1 c6 20.h3 Bd8 21.g4 Bb6 22.exf5 
Nf4+ 23.Bxf4 gxf4 24.bxc6 bxc6 25.Rc2 Rg7 26.Kh2 Kh8 27.Ne4 Be3 28.Re1 Qd8
29.Rxe3 fxe3 30.Qe1 Nxf5 31.gxf5 Rfg8 32.Ne2 Rg2+ 33.Kh1 d5 34.cxd5 cxd5 
35.Qc3 Qe7 36.N4g3 R2xg3 37.Nxg3 Rxg3 38.Qa5 Rg8 39.Qe1 d4 40.Qf1 Qg5 41.
Rh2 0-1

[Event "36th NED-ch"]
[Site "Leeuwarden NED"]
[Date "1980.03.15"]
[Round "9"]
[White "Van der Vliet, Fredrik"]
[Black "Vogel, Jaap"]
[Result "1-0"]
[WhiteElo "2380"]
[BlackElo "2315"]
[EventDate "1980.03.05"]
[PlyCount "111"]

1.d4 Nf6 2.c4 e6 3.g3 c5 4.d5 exd5 5.cxd5 d6 6.Nc3 g6 7.Bg2 Bg7 8.Nf3 O-O 
9.O-O a6 10.a4 Nbd7 11.Nd2 Re8 12.h3 Rb8 13.Nc4 Nb6 14.Na3 Bd7 15.a5 Nc8 
16.Nc4 Bb5 17.Qb3 Bxc4 18.Qxc4 Nd7 19.Bd2 Ne5 20.Qa4 b5 21.axb6 Nxb6 22.
Qc2 Nbc4 23.Bc1 Na5 24.Ra2 Nec4 25.Ne4 Rb4 26.Bg5 f6 27.Bf4 Nb3 28.Rd1 g5 
29.Bc1 h6 30.e3 f5 31.Nc3 Qf6 32.Bf1 Reb8 33.Bxc4 Rxc4 34.Rxa6 Rcb4 35.Na4
f4 36.exf4 Nd4 37.Qd3 Re8 38.Nc3 Nf5 39.Ra4 Reb8 40.Rxb4 Rxb4 41.fxg5 hxg5
42.Re1 Nd4 43.Kg2 Rb8 44.Qe4 Rf8 45.Rf1 Qd8 46.Qg6 Rf5 47.Re1 Qf8 48.f4 
Rf7 49.Ne4 Qa8 50.Nxg5 Qxd5+ 51.Kf2 Kf8 52.Qxf7+ Qxf7 53.Nxf7 Kxf7 54.Bd2 
Nc2 55.Rc1 Nb4 56.Bxb4 1-0

[Event "36th NED-ch"]
[Site "Leeuwarden NED"]
[Date "1980.03.17"]
[Round "10"]
[White "Bohm, Hans"]
[Black "Ligterink, Gert"]
[Result "0-1"]
[WhiteElo "2430"]
[BlackElo "2455"]
[EventDate "1980.03.05"]
[PlyCount "60"]

1.c4 g6 2.Nc3 Bg7 3.g3 Nf6 4.Bg2 O-O 5.e3 d6 6.Nge2 e5 7.d4 Nbd7 8.b3 Re8 
9.Ba3 e4 10.g4 Nxg4 11.Nxe4 Ndf6 12.N2g3 Nxe4 13.Bxe4 c5 14.Bb2 Qh4 15.Qd2
Rxe4 16.Nxe4 Nxh2 17.Qe2 h5 18.Kd2 Bg4 19.f3 Bxf3 20.Rxh2 Qxe4 21.Qd3 Qe7 
22.Rf1 Be4 23.Qe2 d5 24.Kc1 dxc4 25.bxc4 cxd4 26.exd4 Re8 27.Rhf2 Bh6+ 28.
Kd1 Qb4 29.d5 Qa4+ 30.Ke1 Bd3 0-1

[Event "36th NED-ch"]
[Site "Leeuwarden NED"]
[Date "1980.03.17"]
[Round "10"]
[White "Ree, Hans"]
[Black "Scheeren, Peter"]
[Result "1/2-1/2"]
[WhiteElo "2520"]
[BlackElo "2360"]
[EventDate "1980.03.05"]
[PlyCount "46"]

1.c4 Nf6 2.Nc3 e6 3.d4 Bb4 4.Qc2 c5 5.dxc5 O-O 6.a3 Bxc5 7.Nf3 Nc6 8.Bg5 
Nd4 9.Nxd4 Bxd4 10.e3 Qa5 11.exd4 Qxg5 12.g3 d6 13.Bg2 Rb8 14.O-O Bd7 15.
d5 e5 16.Qb3 Rfc8 17.Rac1 b6 18.Rfe1 Qh6 19.Rcd1 Ng4 20.h3 Nf6 21.Kh2 Ng4+
22.Kg1 Nf6 23.Kh2 Ng4+ 1/2-1/2

[Event "36th NED-ch"]
[Site "Leeuwarden NED"]
[Date "1980.03.17"]
[Round "10"]
[White "Van der Sterren, Paul"]
[Black "Kuijpers, Franciscus"]
[Result "1-0"]
[WhiteElo "2410"]
[BlackElo "2410"]
[EventDate "1980.03.05"]
[PlyCount "81"]

1.e4 e5 2.Nf3 Nc6 3.Bb5 a6 4.Ba4 d6 5.c3 Bd7 6.d4 Nf6 7.O-O Qe7 8.Re1 g6 
9.d5 Na7 10.c4 Bg7 11.Nc3 O-O 12.Bg5 h6 13.Bh4 Qe8 14.Nd2 Nh5 15.Bxd7 Qxd7
16.b4 Nf4 17.Nb3 g5 18.Bg3 h5 19.Bxf4 exf4 20.Rc1 g4 21.Qd2 f3 22.Qg5 fxg2
23.Kxg2 Rae8 24.Nd4 Qd8 25.Qxd8 Rxd8 26.Nf5 Be5 27.h3 gxh3+ 28.Kxh3 Kh7 
29.Ne2 Rg8 30.f4 Bf6 31.Neg3 Kg6 32.e5 dxe5 33.fxe5 Bg5 34.Rcd1 Rge8 35.
Nh4+ Kh6 36.Ngf5+ Kh7 37.Nf3 Kg6 38.Rg1 Kxf5 39.Nxg5 Ra8 40.Nxf7 Re7 41.
Rde1 1-0

[Event "36th NED-ch"]
[Site "Leeuwarden NED"]
[Date "1980.03.17"]
[Round "10"]
[White "Vogel, Jaap"]
[Black "Van Dop, Arend"]
[Result "0-1"]
[WhiteElo "2315"]
[BlackElo "2320"]
[EventDate "1980.03.05"]
[PlyCount "68"]

1.Nf3 Nf6 2.d4 g6 3.g3 Bg7 4.Bg2 d5 5.O-O O-O 6.c4 Nc6 7.Ne5 dxc4 8.Nxc6 
bxc6 9.Na3 Be6 10.Bxc6 Rb8 11.Bf3 Ne8 12.Qa4 Nd6 13.Qxa7 Qd7 14.Rd1 Bg4 
15.Qc5 Bxf3 16.exf3 Rfe8 17.Be3 Rxb2 18.Rac1 Ra8 19.Rb1 Rxb1 20.Rxb1 Qa4 
21.Rb4 Qd1+ 22.Kg2 h5 23.Nxc4 Rxa2 24.Nb2 Qe2 25.Qc1 Nf5 26.Nc4 Bh6 27.d5 
Nxe3+ 28.Kh3 Qxf2 29.Qh1 Ra1 30.Rb8+ Kh7 31.Rh8+ Kxh8 32.Qxa1+ Kh7 33.Nxe3
Qxe3 34.Qa7 Qxa7 0-1

[Event "36th NED-ch"]
[Site "Leeuwarden NED"]
[Date "1980.03.18"]
[Round "11"]
[White "Langeweg, Christian"]
[Black "Ree, Hans"]
[Result "1-0"]
[WhiteElo "2425"]
[BlackElo "2520"]
[EventDate "1980.03.05"]
[PlyCount "197"]

1.d4 Nf6 2.c4 e6 3.Nf3 d5 4.Nc3 Be7 5.Bg5 O-O 6.e3 Nbd7 7.Bd3 c5 8.O-O 
cxd4 9.exd4 dxc4 10.Bxc4 Nb6 11.Bb3 Bd7 12.Ne5 Rc8 13.Qd3 Nfd5 14.Bd2 Bc6 
15.Rad1 Bf6 16.Nxc6 Rxc6 17.Ne4 Be7 18.a3 Qc7 19.g3 Rd8 20.Rfe1 Nc4 21.Bc1
b5 22.Ba2 Nf6 23.Bb1 Nxe4 24.Qxe4 f5 25.Qf3 Nb6 26.Ba2 Nd5 27.Bxd5 exd5 
28.Qxf5 Bf6 29.Bg5 Qf7 30.Rc1 Rxc1 31.Rxc1 Bxg5 32.Qxg5 Rf8 33.Qd2 h6 34.
Rc5 a6 35.Rc6 Qf3 36.Rc3 Qf5 37.Qe2 Rc8 38.Rxc8+ Qxc8 39.Kg2 Qc6 40.h4 Kh8
41.Qe7 Kh7 42.b4 Qc3 43.Qe3 Qc2 44.Qe5 Qc6 45.h5 Qd7 46.Kf3 Kh8 47.Ke3 Qc6
48.Kf4 Qc1+ 49.Qe3 Qc7+ 50.Qe5 Qc1+ 51.Qe3 Qc7+ 52.Kg4 Qd7+ 53.Kh4 Qf7 54.
Kg4 Qd7+ 55.Kh4 Qf7 56.f4 Qf6+ 57.Kg4 Qc6 58.Qe5 Qc8+ 59.Kh4 Qd8+ 60.Kg4 
Qd7+ 61.f5 Qf7 62.Qe6 Qf6 63.Qxd5 Qg5+ 64.Kf3 Qxh5+ 65.Kf2 Qd1 66.Qe4 Qd2+
67.Kf3 Qc3+ 68.Qe3 Qc6+ 69.Qe4 Qc3+ 70.Qe3 Qc6+ 71.Kg4 Qc2 72.Kf4 Qc7+ 73.
Ke4 Qe7+ 74.Kf3 Qf7 75.Qe6 Qh5+ 76.Kg2 Qd1 77.d5 Qd2+ 78.Kh3 Qd1 79.Qe4 
Qh5+ 80.Kg2 Qd1 81.Qe8+ Kh7 82.Qg6+ Kh8 83.Qe6 Qd2+ 84.Kh3 Qd1 85.f6 Qh1+ 
86.Kg4 Qd1+ 87.Kh3 Qh1+ 88.Kg4 Qd1+ 89.Kf4 Qc1+ 90.Ke5 Qc7+ 91.d6 Qc3+ 92.
Ke4 Qc2+ 93.Kd4 Qf2+ 94.Qe3 Qxf6+ 95.Kc5 Qf8 96.Qe7 Qc8+ 97.Kb6 Qb8+ 98.
Ka5 Kh7 99.Qc7 1-0

[Event "36th NED-ch"]
[Site "Leeuwarden NED"]
[Date "1980.03.18"]
[Round "11"]
[White "Scheeren, Peter"]
[Black "Van der Sterren, Paul"]
[Result "1/2-1/2"]
[WhiteElo "2360"]
[BlackElo "2410"]
[EventDate "1980.03.05"]
[PlyCount "170"]

1.d4 Nf6 2.c4 e6 3.g3 c5 4.d5 exd5 5.cxd5 d6 6.Bg2 g6 7.Nc3 Bg7 8.Nf3 O-O 
9.O-O Nbd7 10.Nd2 a6 11.a4 Re8 12.h3 Rb8 13.Nc4 Nb6 14.Na3 Bd7 15.Bd2 Nc8 
16.Qb1 b5 17.axb5 axb5 18.b4 Bf5 19.Qb3 Ne4 20.Bxe4 Bxe4 21.Rae1 Qd7 22.
Nxe4 Rxe4 23.Kg2 Nb6 24.Nc2 c4 25.Qf3 Rbe8 26.Bc3 Bxc3 27.Qxc3 Nxd5 28.Qf3
Nc7 29.e3 d5 30.Ra1 Qd6 31.Rfd1 R4e7 32.Ra5 Rd7 33.Qg4 Qe6 34.Qf4 Qe7 35.
Qf3 Rb8 36.Nd4 Rb6 37.Rb1 Qd6 38.Qg4 h5 39.Qg5 Qe7 40.Qxe7 Rxe7 41.Rd1 Kg7
42.Rda1 Kf6 43.h4 Re8 44.Kf3 Reb8 45.Ke2 Ne6 46.Rd1 Nxd4+ 47.Rxd4 Ke6 48.
Kd2 Rd6 49.Kc3 Rbb6 50.g4 hxg4 51.Rxg4 Ke5 52.Rg5+ f5 53.h5 gxh5 54.Rxh5 
Rg6 55.Ra8 Ke4 56.Re8+ Rbe6 57.Rh4+ Ke5 58.Rb8 Ra6 59.Re8+ Rge6 60.Rxe6+ 
Rxe6 61.Rh8 f4 62.Rb8 fxe3 63.fxe3 Ra6 64.Re8+ Kd6 65.Rd8+ Kc6 66.Rc8+ Kb7
67.Rh8 Ra4 68.Rh6 Kc7 69.Rg6 Kb7 70.Rh6 d4+ 71.exd4 Ra3+ 72.Kc2 Ra2+ 73.
Kc3 Ra3+ 74.Kc2 Rb3 75.d5 Rxb4 76.Kc3 Rb3+ 77.Kd4 Rb2 78.Rg6 Rb1 79.Rh6 
Rd1+ 80.Kc5 c3 81.Rh7+ Kc8 82.Rh2 Rd2 83.Rh3 c2 84.Rc3 Kd7 85.Kxb5 Kd6 
1/2-1/2

[Event "36th NED-ch"]
[Site "Leeuwarden NED"]
[Date "1980.03.18"]
[Round "11"]
[White "Van Wijgerden, Cornelis"]
[Black "Bohm, Hans"]
[Result "1-0"]
[WhiteElo "2435"]
[BlackElo "2430"]
[EventDate "1980.03.05"]
[PlyCount "81"]

1.c4 e5 2.Nc3 Nc6 3.g3 g6 4.Bg2 Bg7 5.e3 d6 6.Nge2 Be6 7.d4 Bd7 8.d5 Nce7 
9.e4 f5 10.O-O Nf6 11.f3 O-O 12.h3 Nh5 13.Kh2 f4 14.g4 Nf6 15.Bd2 g5 16.
Nc1 h5 17.Nd3 Ng6 18.Rh1 Nh4 19.Be1 Rf7 20.Bf2 Qc8 21.c5 hxg4 22.hxg4 
Nxg4+ 23.fxg4 Bxg4 24.Qf1 Nf3+ 25.Bxf3 Bxf3 26.Rg1 g4 27.Ne1 g3+ 28.Bxg3 
fxg3+ 29.Rxg3 Bh5 30.Qg2 Qd7 31.cxd6 cxd6 32.Nd3 Raf8 33.Rh3 Bf3 34.Qg5 
Rf6 35.Rg1 R8f7 36.Rgg3 b5 37.Ne1 Bh1 38.Kxh1 Rf1+ 39.Kh2 Rxe1 40.Qh4 Kf8 
41.Rxg7 1-0

[Event "36th NED-ch"]
[Site "Leeuwarden NED"]
[Date "1980.03.18"]
[Round "11"]
[White "Van der Vliet, Fredrik"]
[Black "Van der Wiel, John"]
[Result "1/2-1/2"]
[WhiteElo "2380"]
[BlackElo "2465"]
[EventDate "1980.03.05"]
[PlyCount "44"]

1.g3 Nf6 2.Bg2 d5 3.Nf3 c6 4.d3 Bg4 5.O-O Nbd7 6.Nbd2 e5 7.e4 Bd6 8.h3 Bh5
9.b3 O-O 10.Bb2 Re8 11.Re1 Qc7 12.c3 Nc5 13.Qc2 dxe4 14.dxe4 Bf8 15.b4 Ne6
16.Nc4 Nd7 17.a3 f6 18.Rad1 Ng5 19.Ncd2 a5 20.Rb1 Nxf3+ 21.Bxf3 Bxf3 22.
Qb3+ Kh8 1/2-1/2

[Event "36th NED-ch"]
[Site "Leeuwarden NED"]
[Date "1980.03.19"]
[Round "12"]
[White "Bohm, Hans"]
[Black "Kuijpers, Franciscus"]
[Result "1/2-1/2"]
[WhiteElo "2430"]
[BlackElo "2410"]
[EventDate "1980.03.05"]
[PlyCount "114"]

1.d4 Nf6 2.c4 e6 3.Nf3 d5 4.cxd5 exd5 5.Nc3 Be7 6.Bg5 c6 7.Qc2 g6 8.e3 Bf5
9.Bd3 Bxd3 10.Qxd3 a5 11.Ne5 O-O 12.f4 Kg7 13.O-O Ne4 14.Bxe7 Qxe7 15.Nxe4
dxe4 16.Qa3 Qb4 17.Rfc1 Na6 18.Qxb4 Nxb4 19.a3 Nd5 20.Kf2 Rfd8 21.Rc2 h5 
22.Rac1 f6 23.Nc4 a4 24.Nd2 Re8 25.Ke2 Ra6 26.Rc4 Kf7 27.Nb1 Ke7 28.Nc3 
Nb6 29.Rb4 Kd6 30.d5 f5 31.dxc6 bxc6 32.Rd4+ Ke6 33.Rcd1 Kf7 34.g3 Re6 35.
h3 c5 36.Rd8 Nc4 37.R1d5 Nxb2 38.Rxc5 Rac6 39.Rc8 Rxc5 40.Rxc5 Rb6 41.g4 
hxg4 42.hxg4 Nd3 43.Nxa4 Rb1 44.Rc7+ Ke6 45.Rc6+ Kf7 46.gxf5 gxf5 47.Nc3 
Rb2+ 48.Kf1 Rb3 49.a4 Nb4 50.Rc5 Kg6 51.a5 Kh5 52.Nxe4 Kg4 53.Nd6 Kf3 54.
Kg1 Rxe3 55.Nxf5 Re1+ 56.Kh2 Kxf4 57.Nd6 Re6 1/2-1/2

[Event "36th NED-ch"]
[Site "Leeuwarden NED"]
[Date "1980.03.19"]
[Round "12"]
[White "Langeweg, Christian"]
[Black "Van der Vliet, Fredrik"]
[Result "1/2-1/2"]
[WhiteElo "2425"]
[BlackElo "2380"]
[EventDate "1980.03.05"]
[PlyCount "27"]

1.d4 Nf6 2.c4 e6 3.Nf3 b6 4.Bf4 Bb7 5.e3 Be7 6.h3 c5 7.dxc5 bxc5 8.Nc3 O-O
9.Be2 d6 10.Qc2 Qa5 11.O-O Nc6 12.Rad1 Rfd8 13.Rd2 Rd7 14.Rfd1 1/2-1/2

[Event "36th NED-ch"]
[Site "Leeuwarden NED"]
[Date "1980.03.19"]
[Round "12"]
[White "Ree, Hans"]
[Black "Van der Sterren, Paul"]
[Result "1/2-1/2"]
[WhiteElo "2520"]
[BlackElo "2410"]
[EventDate "1980.03.05"]
[PlyCount "126"]

1.c4 c5 2.Nf3 g6 3.d4 cxd4 4.Nxd4 Nc6 5.e4 Bg7 6.Be3 Nf6 7.Nc3 Ng4 8.Qxg4 
Nxd4 9.Qd1 Ne6 10.Qd2 d6 11.Be2 O-O 12.O-O Nc5 13.Bh6 a5 14.Bxg7 Kxg7 15.
Rad1 f6 16.Qe3 Be6 17.b3 Qb6 18.Rd2 a4 19.Nb5 axb3 20.axb3 Qa5 21.Rb2 Qb4 
22.Nd4 Bd7 23.Nc2 Qb6 24.b4 Na4 25.Qxb6 Nxb6 26.Ne3 Bc6 27.f3 Ra3 28.Kf2 
f5 29.exf5 gxf5 30.f4 Be4 31.Nc2 Rc3 32.Nd4 Rc8 33.c5 dxc5 34.Ne6+ Kf6 35.
Nxc5 Bc6 36.g3 Nd5 37.Nd3 Bb5 38.Rd1 Rc2 39.Rd2 Bxd3 40.Bxd3 Rxd2+ 41.Rxd2
Nxb4 42.Be2 Rc2 43.Rd7 Rb2 44.h3 Ke6 45.Rd4 Nd5 46.Kf3 Kd6 47.g4 e5 48.
fxe5+ Kxe5 49.Rc4 Rb3+ 50.Kf2 Rxh3 51.Bf3 Rh2+ 52.Kg3 Rb2 53.gxf5 Nf6 54.
Rc5+ Kd6 55.Rc4 Ke5 56.Rc5+ Kd6 57.Rc4 Rb5 58.Kf4 h6 59.Rd4+ Ke7 60.Rc4 
Nd5+ 61.Bxd5 Rxd5 62.Re4+ Kf7 63.Re6 Rd1 1/2-1/2

[Event "36th NED-ch"]
[Site "Leeuwarden NED"]
[Date "1980.03.19"]
[Round "12"]
[White "Van der Wiel, John"]
[Black "Van Dop, Arend"]
[Result "1/2-1/2"]
[WhiteElo "2465"]
[BlackElo "2320"]
[EventDate "1980.03.05"]
[PlyCount "69"]

1.e4 c5 2.Nf3 d6 3.d4 cxd4 4.Nxd4 Nf6 5.Nc3 a6 6.f4 Qc7 7.Bd3 e5 8.Nf3 Be7
9.O-O Nbd7 10.a4 b6 11.fxe5 dxe5 12.Nh4 g6 13.Qf3 Bb7 14.g4 h6 15.Ng2 Rh7 
16.Ne3 Rd8 17.Bc4 Bc5 18.Ba2 Bd4 19.Bd2 Bxc3 20.Bxc3 Bxe4 21.Qf2 Qc5 22.
Rae1 Ba8 23.Nc4 Qc6 24.Qg3 Qc5+ 25.Rf2 Ne4 26.Rxe4 Bxe4 27.b4 Qe7 28.Re2 
f5 29.gxf5 gxf5 30.Qg6+ Kf8 31.Kf1 Rg7 32.Qxh6 Qg5 33.Qd6+ Ke8 34.Qe6+ Kf8
35.Qd6+ 1/2-1/2

[Event "36th NED-ch"]
[Site "Leeuwarden NED"]
[Date "1980.03.19"]
[Round "12"]
[White "Vogel, Jaap"]
[Black "Van Wijgerden, Cornelis"]
[Result "1/2-1/2"]
[WhiteElo "2315"]
[BlackElo "2435"]
[EventDate "1980.03.05"]
[PlyCount "36"]

1.Nf3 Nf6 2.g3 d5 3.Bg2 c6 4.b3 Bf5 5.Bb2 e6 6.d3 h6 7.Nbd2 Be7 8.O-O O-O 
9.a4 Nbd7 10.a5 Qc7 11.c4 c5 12.Qc2 Rac8 13.e4 dxe4 14.Nxe4 Rfd8 15.a6 b5 
16.cxb5 Qb6 17.Qc4 Qb8 18.Rfd1 Nb6 1/2-1/2

[Event "36th NED-ch"]
[Site "Leeuwarden NED"]
[Date "1980.03.21"]
[Round "13"]
[White "Kuijpers, Franciscus"]
[Black "Vogel, Jaap"]
[Result "1-0"]
[WhiteElo "2410"]
[BlackElo "2315"]
[EventDate "1980.03.05"]
[PlyCount "87"]

1.e4 e6 2.d4 d5 3.Nd2 Nf6 4.e5 Nfd7 5.Bd3 c5 6.c3 Nc6 7.Ne2 cxd4 8.cxd4 
Nb6 9.O-O Bd7 10.a3 a5 11.b3 a4 12.b4 Rc8 13.Bb2 Nc4 14.Nxc4 dxc4 15.Be4 
Be7 16.f4 f5 17.Bf3 O-O 18.Nc3 b5 19.Kh1 Kh8 20.d5 exd5 21.Bxd5 Nb8 22.Qf3
Qb6 23.Rad1 Rcd8 24.Rd2 Na6 25.Rfd1 Bc8 26.Qf2 Qb8 27.Bc6 Rxd2 28.Rxd2 Nc7
29.h3 Be6 30.Bc1 h6 31.Rd1 Rd8 32.Rxd8+ Qxd8 33.Qd2 Qb8 34.Bd7 Qb6 35.Bxe6
Nxe6 36.Kh2 Bh4 37.Qe3 Qb7 38.Qe2 Nd4 39.Qd1 Bf2 40.Qd2 Nb3 41.Qxf2 Nxc1 
42.Qc5 Kh7 43.e6 Kg6 44.Qe3 1-0

[Event "36th NED-ch"]
[Site "Leeuwarden NED"]
[Date "1980.03.21"]
[Round "13"]
[White "Ligterink, Gert"]
[Black "Van der Wiel, John"]
[Result "1/2-1/2"]
[WhiteElo "2455"]
[BlackElo "2465"]
[EventDate "1980.03.05"]
[PlyCount "28"]

1.e4 c5 2.Nf3 Nc6 3.d4 cxd4 4.Nxd4 Nf6 5.Nc3 d6 6.Bc4 Qb6 7.Nb3 e6 8.O-O 
Be7 9.Be3 Qc7 10.Bd3 a6 11.a4 b6 12.f4 Bb7 13.Qf3 Nb4 14.Qh3 Nd7 1/2-1/2

[Event "36th NED-ch"]
[Site "Leeuwarden NED"]
[Date "1980.03.21"]
[Round "13"]
[White "Scheeren, Peter"]
[Black "Bohm, Hans"]
[Result "1/2-1/2"]
[WhiteElo "2360"]
[BlackElo "2430"]
[EventDate "1980.03.05"]
[PlyCount "85"]

1.d4 e6 2.c4 f5 3.g3 Nf6 4.Bg2 Bb4+ 5.Bd2 a5 6.Nf3 O-O 7.O-O d5 8.Bf4 Be7 
9.Nc3 c6 10.Qc2 Ne4 11.Rad1 b6 12.cxd5 exd5 13.Bxb8 Rxb8 14.Ne5 Bd7 15.
Nxe4 fxe4 16.Nxc6 Bxc6 17.Qxc6 Rf6 18.Qb5 Qd6 19.f3 exf3 20.exf3 Rd8 21.
Rfe1 Re6 22.Bh3 Rxe1+ 23.Rxe1 Bf6 24.Qa4 Kf7 25.a3 Qc7 26.Bf1 g6 27.f4 Qd7
28.Qxd7+ Rxd7 29.Rd1 Ke7 30.Kf2 Kd6 31.Rd2 Re7 32.Bg2 b5 33.Bf3 b4 34.axb4
axb4 35.h4 Re8 36.Rd3 Re7 37.Rd1 Re8 38.Bg2 Rc8 39.Rd2 b3 40.Ke3 Rc2 41.
Bf3 Rxd2 42.Kxd2 Bxd4 43.h5 1/2-1/2

[Event "36th NED-ch"]
[Site "Leeuwarden NED"]
[Date "1980.03.21"]
[Round "13"]
[White "Van der Vliet, Fredrik"]
[Black "Ree, Hans"]
[Result "1/2-1/2"]
[WhiteElo "2380"]
[BlackElo "2520"]
[EventDate "1980.03.05"]
[PlyCount "38"]

1.d4 Nf6 2.c4 c5 3.Nf3 cxd4 4.Nxd4 a6 5.Nc3 e6 6.e3 Bb4 7.Bd2 Nc6 8.Nb3 d5
9.cxd5 exd5 10.Be2 O-O 11.O-O Re8 12.Nd4 Ne5 13.Qb3 Ba5 14.Rfd1 Bc7 15.Be1
Qd6 16.Qa3 Qxa3 17.bxa3 b5 18.a4 b4 19.Nb1 Bd6 1/2-1/2